The CPR regime five years on (Record no. 117448)
[ view plain ]
| 000 -LEADER | |
|---|---|
| fixed length control field | 01153cam a2200229 4500 |
| 001 - CONTROL NUMBER | |
| control field | ABS67826 |
| 008 - FIXED-LENGTH DATA ELEMENTS--GENERAL INFORMATION | |
| fixed length control field | 040602n2004 000 0 eng u |
| 035 ## - SYSTEM CONTROL NUMBER | |
| System control number | (Sirsi) u126378 |
| 100 ## - MAIN ENTRY--PERSONAL NAME | |
| Personal name | Qureshi, K. |
| 245 #4 - TITLE STATEMENT | |
| Title | The CPR regime five years on |
| 260 ## - PUBLICATION, DISTRIBUTION, ETC. | |
| Date of publication, distribution, etc. | 2004 |
| 490 ## - SERIES STATEMENT | |
| Series statement | New Law Journal |
| Volume/sequential designation | 154(7126) 30 April 2004, 644-645 (2) |
| 520 ## - SUMMARY, ETC. | |
| Summary, etc. | Five years on from the implementation of the Civil Procedure Rules (CPR) discusses whether they have achieved their objectives. Covers approaches to forms of alternative dispute resolution, particularly mediation. Refers to statistics which show that the volume of claims has gone down by a huge amount and suggests some explanations for this including the fact that there has been a greater resort to pre-action negotiation leading to settlement. Considers other forms of alternative dispute resolution and the discussions about whether they should be compulsory. |
| 590 ## - LOCAL NOTE (RLIN) | |
| Local note | ABS |
| 590 ## - LOCAL NOTE (RLIN) | |
| Local note | ABS |
| 650 ## - SUBJECT ADDED ENTRY--TOPICAL TERM | |
| Topical term or geographic name entry element | CIVIL PROCEDURE RULES |
| 650 ## - SUBJECT ADDED ENTRY--TOPICAL TERM | |
| Topical term or geographic name entry element | LITIGATION |
| 650 ## - SUBJECT ADDED ENTRY--TOPICAL TERM | |
| Topical term or geographic name entry element | ACCESS TO JUSTICE |
| 650 ## - SUBJECT ADDED ENTRY--TOPICAL TERM | |
| Topical term or geographic name entry element | ALTERNATIVE DISPUTE RESOLUTION |
| 690 ## - LOCAL SUBJECT ADDED ENTRY--TOPICAL TERM (OCLC, RLIN) | |
| Topical term or geographic name as entry element | DISPUTE RESOLUTION |
| 9 (RLIN) | 6236 |
| 942 ## - ADDED ENTRY ELEMENTS (KOHA) | |
| Suppress in OPAC | 0 |
| Withdrawn status | Lost status | Source of classification or shelving scheme | Damaged status | Not for loan | Home library | Current library | Shelving location | Date acquired | Total Checkouts | Full call number | Barcode | Date last seen | Copy number | Price effective from | Koha item type |
|---|---|---|---|---|---|---|---|---|---|---|---|---|---|---|---|
| Dewey Decimal Classification | London | London | Journal article | 02/06/2004 | ABS67826 | 126378-1001 | 06/08/2019 | 1 | 06/08/2019 | Journal article |